| 000 | 00721cam a22002531i 4500 | ||
|---|---|---|---|
| 999 |
_c7416 _d7416 |
||
| 001 | 6085078 | ||
| 003 | GBCCL | ||
| 005 | 20241126110627.0 | ||
| 008 | 800826s1958 tnu 000 0 eng | ||
| 010 | _a 60015018 | ||
| 035 | _a(OCoLC)6656142 | ||
| 040 |
_aDLC _cCPFT _dDLC |
||
| 042 | _apremarc | ||
| 050 | 0 | 0 |
_aBV1527 _b.N6 1958 |
| 082 |
_a268.5 _bNOL |
||
| 100 | 1 |
_aNoland, Emma. _913114 |
|
| 245 | 1 | 4 |
_aThe six point record system and its use / _c[by] Emma Noland. |
| 250 | _a[Rev. ed., 1955] | ||
| 260 |
_aNashville : _bConvention Press _c[1958, 1941] |
||
| 300 |
_aiv, 139 p. ; _c20 cm. |
||
| 650 | 0 |
_aSunday schools _xRecords. _913115 |
|
| 906 |
_a7 _bcbc _coclcrpl _du _encip _f19 _gy-gencatlg |
||
| 942 |
_2ddc _cBK |
||